000 00200 a2200097 4500
020 _a9789992467084
041 _aspa
100 _aMendoza, Auxiliadora
245 _aEl Poeta y otros cuentos
942 _cBK
999 _c8755
_d8755